[Event "TUR Cup"]
[Site "Antalya"]
[Date "2017.01.29"]
[Round "3"]
[White "Cakmakci, Hasan"]
[Black "Elalmis, Husamettin"]
[Result "0-1"]
[WhiteElo "1539"]
[BlackElo "1736"]
[PlyCount "120"]
[EventDate "2017.01.28"]
[EventType "swiss"]
[EventRounds "11"]
[EventCountry "TUR"]
[SourceTitle "CBM 176 Extra"]
[Source "ChessBase"]
[SourceDate "2017.03.02"]
[SourceVersion "1"]
[SourceVersionDate "2017.03.02"]
[SourceQuality "1"]

1. e4 c5 2. Nc3 Nc6 3. Bb5 a6 4. Bxc6 bxc6 5. Nf3 d5 6. d3 e6 7. 0-0 Qc7 8. Re1 Nf6 9. Bg5 d4 10. Ne2 e5 11. Ng3 Nd7 12. Nh4 g6 13. b3 f6 14. Bd2 Be7 15. Bh6 Bf8 16. Bxf8 Nxf8 17. h3 Ne6 18. Ne2 0-0 19. Qd2 a5 20. a4 Rb8 21. Rab1 Rb4 22. Rf1 Ng7 23. Qh6 g5 24. Nf3 Qf7 25. Ng3 Qg6 26. Qxg6 hxg6 27. Rfc1 Be6 28. Kf1 Rbb8 29. Nd2 Kf7 30. f3 Ne8 31. Kf2 Nd6 32. Ne2 Rb6 33. Ra1 Ke7 34. Rh1 Rh8 35. g4 Rh4 36. Rh2 Ne8 37. Rah1 Nc7 38. Ke1 Na6 39. Nc4 Bxc4 40. dxc4 Nb4 41. Kd2 Rb8 42. Ra1 Rbh8 43. Rah1 Ke6 44. Ng3 Rd8 45. Rd1 Rd7 46. Kc1 Na2+ 47. Kb2 Nc3 48. Rdh1 Rdh7 49. Nf1 f5 50. exf5+ gxf5 51. gxf5+ Kxf5 52. Ne3+ dxe3 53. Kxc3 Kf4 54. Rg2 Rd7 55. Rhg1 Kxf3 56. Rxg5 e2 57. R5g3+ Kf4 58. Rd3 Rxd3+ 59. Kxd3 Kf3 60. Re1 Rd4+ 0-1

[Event "TUR Cup"]
[Site "Antalya"]
[Date "2017.01.28"]
[Round "1"]
[White "Cakmakci, Hasan"]
[Black "Gulenc, Ahmet Fazil"]
[Result "1-0"]
[WhiteElo "1539"]
[BlackElo "1852"]
[PlyCount "65"]
[EventDate "2017.01.28"]
[EventType "swiss"]
[EventRounds "11"]
[EventCountry "TUR"]
[SourceTitle "CBM 176 Extra"]
[Source "ChessBase"]
[SourceDate "2017.03.02"]
[SourceVersion "1"]
[SourceVersionDate "2017.03.02"]
[SourceQuality "1"]

1. e4 e6 2. d4 d5 3. e5 c5 4. c3 Bd7 5. Nf3 Qb6 6. Qb3 Nc6 7. Be3 Na5 8. Qxb6 axb6 9. Nbd2 c4 10. Be2 b5 11. 0-0 g6 12. a3 Nh6 13. Nh4 Nf5 14. Nxf5 exf5 15. f4 Be7 16. Rfe1 Be6 17. h3 h5 18. g3 Kd7 19. Rec1 Kc6 20. Bd1 Kc7 21. Kg2 Ra7 22. Bf3 Rha8 23. Rab1 Ra6 24. Rc2 Rd8 25. Rh1 Nc6 26. Nf1 Raa8 27. Bc1 Rh8 28. Ne3 Rad8 29. g4 hxg4 30. hxg4 fxg4 31. Bxg4 Rxh1 32. Kxh1 Rh8+ 33. Kg1 1-0